| 000 | 00482nam a2200169 i 4500 | ||
|---|---|---|---|
| 001 | 52690 | ||
| 003 | ES-MaACL | ||
| 005 | 20230906162628.0 | ||
| 007 | t| | ||
| 008 | 030902s1970 sp ||||1| spa d | ||
| 100 | 1 |
_aDebarge, Louis. _943110 |
|
| 245 | 1 | 0 |
_aPsicología y pastoral / _cLouis Debarge ; [versión de Josep A. Pombo]. |
| 260 |
_aBarcelona : _bHerder, _c1970. |
||
| 300 |
_a310 p. ; _c20 cm. |
||
| 700 | 1 |
_aPombo, Josep A. _992907 |
|
| 852 |
_aES-MaACL _jC-48657 _bR.75796 |
||
| 999 |
_c52690 _d52690 |
||